[Event "Stare Mesto op-B"]
[Site "Stare Mesto"]
[Date "2023.08.13"]
[Round "9"]
[White "Tomecek, Marian"]
[Black "Psotka, Tomas"]
[Result "0-1"]
[WhiteElo "1298"]
[BlackElo "1425"]
[PlyCount "106"]
[EventDate "2023.08.05"]
[EventType "swiss"]
[EventRounds "9"]
[EventCountry "CZE"]
[SourceTitle "EXT 2024"]
[Source "ChessBase"]
[SourceDate "2023.10.10"]
[SourceVersion "1"]
[SourceVersionDate "2023.10.10"]
[SourceQuality "1"]

1. Nf3 Nf6 2. d4 d5 3. e3 Bf5 4. Bd3 Bxd3 5. Qxd3 c6 6. 0-0 e6 7. b3 Nbd7 8. Nbd2 Bd6 9. Bb2 0-0 10. Ne5 Bb4 11. c3 Ba5 12. b4 Bc7 13. c4 a5 14. cxd5 exd5 15. a3 Re8 16. f4 Nxe5 17. dxe5 Ng4 18. Nf3 Bb6 19. Bd4 Bxd4 20. exd4 Qe7 21. Ng5 g6 22. Qh3 h5 23. Qd3 axb4 24. axb4 Kg7 25. Rab1 Nh6 26. h4 f6 27. exf6+ Qxf6 28. b5 Nf5 29. bxc6 bxc6 30. Rfd1 Ra7 31. Re1 Rae7 32. Rxe7+ Rxe7 33. Nf3 Nxh4 34. Ne5 Nf5 35. Rb6 Re6 36. Qa6 Nxd4 37. Rb7+ Re7 38. Rxe7+ Qxe7 39. Qa1 c5 40. Qb2 Kf6 41. g3 Qa7 42. Qb1 Nf5 43. Qb2 c4+ 44. Kh2 Qd4 45. Qa2 Ng7 46. Qa6+ Ne6 47. Qb7 Qf2+ 48. Kh1 Qf1+ 49. Kh2 Qe2+ 50. Kh1 Qd1+ 51. Kh2 Nxf4 52. gxf4 Qe2+ 53. Kh1 Qf1+ 0-1

[Event "Stare Mesto op-B"]
[Site "Stare Mesto"]
[Date "2023.08.11"]
[Round "7"]
[White "Moravec, Rene1111"]
[Black "Tomecek, Marian"]
[Result "0-1"]
[WhiteElo "1223"]
[BlackElo "1298"]
[PlyCount "84"]
[EventDate "2023.08.05"]
[EventType "swiss"]
[EventRounds "9"]
[EventCountry "CZE"]
[SourceTitle "EXT 2024"]
[Source "ChessBase"]
[SourceDate "2023.10.10"]
[SourceVersion "1"]
[SourceVersionDate "2023.10.10"]
[SourceQuality "1"]

1. e4 d5 2. exd5 Nf6 3. d4 Nxd5 4. Bc4 e6 5. Nf3 Bd6 6. 0-0 0-0 7. Nbd2 Nd7 8. Ne4 N7f6 9. Nxd6 Qxd6 10. Bd3 b6 11. Bg5 Nh5 12. Ne5 g6 13. Qf3 Rb8 14. Bh6 Ng7 15. c4 f6 16. Nxg6 hxg6 17. cxd5 exd5 18. Bf4 Qd7 19. Bxg6 Rb7 20. Bh6 f5 21. Bxg7 Qxg7 22. Qg3 c6 23. Bh5 Qxg3 24. fxg3 Rh7 25. Be2 c5 26. dxc5 bxc5 27. b3 Re7 28. Kf2 Re5 29. Rfe1 Rfe8 30. Rac1 d4 31. Bc4+ Kg7 32. Rxe5 Rxe5 33. Re1 Re4 34. Rxe4 fxe4 35. h3 e3+ 36. Ke2 Bb7 37. Kd3 Bxg2 38. Ke2 a5 39. a4 Bxh3 40. Kf3 Bd7 41. Ke4 Kf6 42. Kd5 Be6+ 0-1

[Event "Klatovy op-C 29th"]
[Site "Klatovy"]
[Date "2023.07.01"]
[Round "1"]
[White "Tomecek, Marian"]
[Black "Fiser, Jiri1111"]
[Result "0-1"]
[WhiteElo "1294"]
[BlackElo "1784"]
[PlyCount "44"]
[EventDate "2023.07.01"]
[EventType "swiss"]
[EventRounds "9"]
[EventCountry "CZE"]
[SourceTitle "CBM 215 Extra"]
[Source "ChessBase"]
[SourceDate "2023.09.30"]
[SourceVersion "1"]
[SourceVersionDate "2023.09.30"]
[SourceQuality "1"]

1. Nf3 f5 2. d4 Nf6 3. e3 d5 4. Be2 e6 5. 0-0 c5 6. c4 b6 7. Ne5 Bd6 8. Nd2 0-0 9. Ndf3 Bb7 10. b3 Nbd7 11. Bb2 Ne4 12. Nxd7 Qxd7 13. Ne5 Qe7 14. Bf3 Rad8 15. g3 Bxe5 16. Bxe4 dxe4 17. Qc2 cxd4 18. Qc1 Qf6 19. Rd1 dxe3 20. Bxe5 exf2+ 21. Kxf2 Qxe5 22. Re1 f4 0-1

[Event "Stare Mesto op"]
[Site "Stare Mesto"]
[Date "2021.08.14"]
[Round "2"]
[White "Tomecek, Marian"]
[Black "Neuman, Petr"]
[Result "0-1"]
[WhiteElo "1310"]
[BlackElo "2402"]
[PlyCount "44"]
[EventDate "2021.08.13"]
[EventType "swiss"]
[EventRounds "9"]
[EventCountry "CZE"]
[SourceTitle "CBM 203 Extra"]
[Source "ChessBase"]
[SourceDate "2021.09.30"]
[SourceVersion "1"]
[SourceVersionDate "2021.09.30"]
[SourceQuality "1"]

1. Nf3 g6 2. g3 Bg7 3. Bg2 e5 4. e4 c5 5. b3 Nc6 6. Bb2 Nge7 7. 0-0 0-0 8. d3 f5 9. exf5 gxf5 10. c3 d5 11. Na3 Ng6 12. Qc2 Kh8 13. Rad1 Be6 14. Bc1 h6 15. Bd2 Qd7 16. b4 cxb4 17. cxb4 a6 18. Qc1 f4 19. Nc2 Rac8 20. Qb1 b5 21. a3 Bg4 22. Rfe1 fxg3 0-1